书目信息 |
| 题名: |
威尔第
|
|
| 作者: | 刘时雨 , 张宁 编著 | |
| 分册: | ||
| 出版信息: | 北京 新世界出版社 1998.01 |
|
| 页数: | 262页 | |
| 开本: | 32开 | |
| 丛书名: | ||
| 单 册: | ||
| 中图分类: | K835.465.7 | |
| 科图分类: | ||
| 主题词: | 历史 , 地理 | |
| 电子资源: | ||
| ISBN: | 7-80005-428-4 | |
| 000 | 00589nam0 2200217 45 | |
| 001 | 0011021996 | |
| 005 | 20001102194445.6 | |
| 010 | @a7-80005-428-4@d12.00元 | |
| 100 | @a20001102d1998 km y0chiy0120 ea | |
| 101 | 0 | @achi |
| 105 | @a z 000yy | |
| 200 | 1 | @a威尔第@AWei Er Di@f刘时雨,张宁编著@FLiu Shi Yu,Zhang Ning Bian Zhu |
| 210 | @a北京@c新世界出版社@d1998.01 | |
| 215 | @a262页@d32开 | |
| 606 | 0 | @a历史 |
| 606 | 0 | @a地理 |
| 690 | @aK835.465.7@v3 | |
| 701 | 0 | @a刘时雨@4编著 |
| 701 | 0 | @a张宁@4编著 |
| 801 | @aCN@bPftUser@c20001102 | |
| 905 | @b197077-080@dK835.465.7@eL925@f4 | |
| 威尔第/刘时雨,张宁编著.-北京:新世界出版社,1998.01 |
| 262页;32开 |
| ISBN 7-80005-428-4:12.00元 |
| ● |
| 相关链接 |
|
|
|
正题名:威尔第
索取号:K835.465.7/L925
 
预约/预借
| 序号 | 登录号 | 条形码 | 馆藏地/架位号 | 状态 | 备注 |
| 1 | 197077 | 201970778 | 社科库309/309社科库 101排3列5层/ [索取号:K835.465.7/L925] | 在馆 | |
| 2 | 197078 | 201970787 | 社科库309/309社科库 101排3列5层/ [索取号:K835.465.7/L925] | 在馆 | |
| 3 | 197079 | 201970796 | 社科库309/309社科库 101排3列5层/ [索取号:K835.465.7/L925] | 在馆 | |
| 4 | 197080 | 201970803 | 社科库309/309社科库 101排3列5层/ [索取号:K835.465.7/L925] | 在馆 |